Statistiques concernant Les pokémons ayant été/Étant en UBER

Cliquez ici pour prendre le quiz!

Statistiques générales

  • Ce quiz a été pris 15 fois
  • Le résultat moyen est 41 sur 89

Statistiques - réponses

Géneration en uberRéponse% Correct
3-4-5-6-7-8-9Groudon
93%
2-3-4-5-6-7-8Ho-Oh
93%
3-4-5-6-7-8-9Kyogre
93%
2-3-4-5-6-7-8Lugia
93%
1-2-3-4Mew
93%
1-2-3-4-5-6-7-8-9Mewtwo
93%
3-4-5-6-7-8-9Rayquaza
93%
3-4-5-6-7Deoxys
79%
4-5-6-7-8-9Dialga
79%
4-5-6-7-8-9Palkia
79%
6-7-8Xerneas
79%
6-7-8Yveltal
79%
8-9(Banni8G)Zacian
79%
4-5-6-7Darkrai
71%
4Drattak
71%
4-5-6-7-8-9Giratina
71%
8Kyurem
71%
7-8Zygarde
71%
5-6-7-9Arceus
64%
2Celebi
64%
5-6-7-8-9Demeteros
64%
7-8Lunala
64%
5-6-7-8Reshiram
64%
7-8Solgaleo
64%
8Zamazenta
64%
5-6-7-8Zekrom
64%
5-6-7Brasegali
57%
4Carchacrok
57%
5-6-7-8Kyurem Blanc
57%
8Kyurem Noir
57%
3Latias
57%
3-4Latios
57%
8-9Magearna
57%
5Fulguris
50%
5-6-7-8Genesect
50%
6Hoopa(déchaîné)
50%
6-7Méga Drattak
50%
6-7(BANNI*2)Méga Rayquaza
50%
6-7Primo Groudon
50%
6-7Primo Kyogre
50%
6Amphinobi
43%
8Ethernatos
43%
6-7Méga Braségali
43%
9Bao Jian
36%
3-4-5-6-7Deoxys(Attaque
36%
3-4-5-6-7Deoxys(Defense)
36%
3-4-5-6-7Deoxys(Vitesse)
36%
8Hydragon
36%
9Koraidon
36%
4-5Manaphy
36%
7-8Mandrillon
36%
6-7Méga Ectoplasma
36%
6-7Méga Kangourex
36%
6Méga Mysdibule
36%
6Méga Tenefix
36%
9Miraidon
36%
3-4Okeoké
36%
3-4Qulbutoké
36%
9Regieleki
36%
7Ultra Necrozma
36%
9Yuyu
36%
8Darumacho de Galar
29%
4-5-6-7-8-9Giratina origine
29%
9Hotte de Fer
29%
7-8Necrozma Ailes de l'Aurore
29%
7-8Necrozma Crinière du Couchant
29%
8-9Spectreval
29%
9Superdofin
29%
6-7Exagide
21%
9Flotte Mèche
21%
6-7Méga Lucario
21%
6-7Méga Mewtwo X
21%
6-7Méga Mewtwo Y
21%
9Pyrax
21%
8Pyrobut
21%
8-9Shifours
21%
8-9(Banni9G)Sylveroy Cavalier de l'Effroi
21%
8-9Sylveroy Cavalier du Froid
21%
8-9(Banni8G)Zacian Couronné
21%
8-9Zamazenta Couronné
21%
7-8Zygarde Parfait
21%
5Boréas (Totémique)
14%
7-8Cancrelove
14%
9Cléopsytra
14%
9Courrousinge
14%
4-5-6-7Shaymin Céleste
14%
9Shifours Mille Poings
14%
9Dialga Origine
7%
9Palkia Origine
7%

Distribution des résultats

Percentile par nombre de réponses

% des personnes avec chaque résultat

Votre développement - résultats

Vous n’avez pas pris ce quiz